书目信息 |
| 题名: |
建设工程施工合同纠纷预防与处理
|
|
| 作者: | 张庆华 著 | |
| 分册: | ||
| 出版信息: | 北京 法律出版社 2010.05 |
|
| 页数: | 282页 | |
| 开本: | 26cm | |
| 丛书名: | ||
| 单 册: | ||
| 中图分类: | D923.6 | |
| 科图分类: | ||
| 主题词: | 法律--中国 | |
| 电子资源: | ||
| ISBN: | 7-5118-0603-1 | |
| 000 | 00622nam0 2200193 450 | |
| 001 | 1636468876 | |
| 005 | 20160429100908.86 | |
| 010 | @a7-5118-0603-1@dCNY39.80 | |
| 100 | @a20160429d2010 km y0chiy0120 ea | |
| 101 | 0 | @achi |
| 102 | @aCN@b110000 | |
| 200 | 1 | @a建设工程施工合同纠纷预防与处理@Ajian she gong cheng shi gong he tong jiu fen yu fang yu chu li@f张庆华著@Fzhang qing hua zhu |
| 210 | @a北京@c法律出版社@d2010.05 | |
| 215 | @a282页@d26cm | |
| 606 | 0 | @a法律@x中国 |
| 690 | @aD923.6@v4 | |
| 701 | 0 | @a张庆华@Azhang qing hua@4著 |
| 801 | 0 | @aCN@b大连网信软件有限公司图书馆·11@c20160429 |
| 905 | @aZUCC@dD923.6@eZ152 | |
| 建设工程施工合同纠纷预防与处理/张庆华著.-北京:法律出版社,2010.05 |
| 282页;26cm |
| ISBN 7-5118-0603-1:CNY39.80 |
| ● |
| 相关链接 |
|
|
|
正题名:建设工程施工合同纠纷预防与处理
索取号:D923.6/Z152
 
预约/预借
| 序号 | 登录号 | 条形码 | 馆藏地/架位号 | 状态 | 备注 |
| 1 | 819270 | 208192702 | 管理学院资料室/ [索取号:D923.6/Z152] | 在馆 |